Представление документа в формате RUSMARC

ПолеНазваниеЗначение
  Тип записи a
  Библиографический уровень m
001 Контрольный номер RU/CBS_UL/BASE/571331269
005 Дата корректировки 20240418092517.5
010 Индекс ISBN __
a ISBN 5-699-13811-0
b Уточнения в пер.
d Цена 5 р. 22 к.
9 Тираж 5 000 экз.
100 Данные общей обработки __
a Данные общей обработки 20130117d2013 ||| 0rusy0189 ca
101 Язык документа 0_
a Язык текста rus
102 Страна публикации __
a Страна публикации RU
105 Кодированные данные (монография) __
a Кодированные данные (монография) y###||||000|y
181 Поле кодированных данных: вид содержания _1
a Код вида содержания (ISBD) i#
b Код характеристики содержания (ISBD) #xxe##
d i
g x
h x
i e
2 Код системы (источник кода, отличный от ISBD) isbdcontent
182 Поле кодированных данных: тип средства _1
a Код типа средства (ISBD) n
2 Код системы (источник кода, отличный от ISBD) isbdmedia
200 Заглавие и сведения об ответственности 1_
a Заглавие Бедная Лиза
b Общее обозначение материала Текст
e Сведения, относящиеся к заглавию повести
f Первые сведения об ответственности Н. М. Карамзин
g Последующие сведения об ответственности сост., вступ. ст. Г. П. Макогоненко
g Последующие сведения об ответственности коммент. Ю. М. Лотмана, Г. П. Макогоненко
w Текст (визуальный) : непосредственный
203 Вид содержания и тип средства __
a Вид содержания Текст
b Характеристика содержания визуальный
c Тип средства непосредственный
210 Выходные данные 1_
a Место издания Москва
c Издательство ЭКСМО
d Дата издания 2005
215 Физическое описание __
a Объем 637, [2] с.
d Формат 20,5 см.
225 Серия 0_
a Серия Русская классика
300 Общие примечания __
a Общие примечания Под инв. номером 109217: Ц-1
300 Общие примечания __
a Общие примечания 16+
606 Тематические рубрики 0_
a Основная рубрика Русская литература, 18-19 вв. - Повести
610 Ключевые слова 0_
a Ключевые слова литература русская
a Ключевые слова классика русская
a Ключевые слова повести исторические
a Ключевые слова истории любви
a Ключевые слова крестьяне
a Ключевые слова дворяне
686 Индексы других классификаций __
a Классификационный индекс 84(2Рос=Рус)1
2 Код системы ББК
700 Автор _1
a Фамилия Карамзин
b Имя (инициалы) Н. М.
g Полное личное имя Николай Михайлович
801 Источник записи _0
a Страна RU
b Организация МБУК ЦБС г. Ульяновска
c Дата составления 20130117
g Правила каталогизации RCR
801 Источник записи _1
a Страна RU
b Организация МБУК ЦБС г. Ульяновска
c Дата составления 20130117
g Правила каталогизации RCR
899 Данные о местонахождении __
i Авторский знак К 21
j Расстановочный фильтр Р1
900 Электронные ресурсы __
a Имя электронного ресурса бедная
901 Тип документа __
t Тип документа m
910 Корректоры записи __
a Корректор записи Тихонова